| 000 | 00722nam a2200265 i 4500 | ||
|---|---|---|---|
| 001 | bg | ||
| 100 | 1 | _aBURGESS, Sally | |
| 245 | 1 | 0 |
_aHow to teach for exams / _cSally Burgess, Katie Head. |
| 260 |
_aHarlow : _bLongman, _ccop. 2005. |
||
| 300 |
_a156 s. ; _c25 cm. |
||
| 490 | 1 | _aHow To | |
| 504 | _aIndeks. | ||
| 650 | 9 |
_aJęzyk angielski _xnauczanie |
|
| 655 | _aPodręczniki akademickie | ||
| 700 | 1 | _aHEAD, Katie | |
| 830 | _aHow To | ||
| 020 | _a0582429676 | ||
| 040 | _cBPK | ||
| 041 | 0 | _aeng | |
| 080 | _a372.881.111.1(075.8) | ||
| 920 | _a0-582-42967-6 | ||
| 942 | _cKS | ||
| 008 | s pl f |000 0 pol | ||
| 999 |
_c51347 _d51347 |
||
| 856 |
_uhttp://koha.tu.koszalin.pl/cgi-bin/koha/opac-detail.pl?biblionumber=51347 _yKatalog online BPK |
||